Entre Nosotros - Tiago PZK, Lit Killah - Estadísticas

Estadísticas generales
  • Esta prueba ha sido intentada 31 veces
  • La puntuación promedio es 276 de 371
Estadísticas de respuestas
Letra % Correcto
a
100%
al
100%
amor
100%
corazón
100%
el
100%
El
100%
en
100%
es
100%
mi
100%
no
100%
No
100%
Si
100%
de
80%
dos
80%
Entre
80%
fallé
80%
fue
80%
hables
80%
Jamás
80%
la
80%
las
80%
lloré
80%
lo
80%
los
80%
me
80%
Me
80%
menos
80%
mía
80%
nada
80%
Nos
80%
nos
80%
nosotros
80%
oh
80%
poco
80%
Qué
80%
que
80%
Que
80%
quiero
80%
Quiero
80%
se
80%
80%
soy
80%
Soy
80%
Te
80%
te
80%
tiene
80%
to
80%
todo
80%
tu
80%
80%
un
80%
una
80%
y
80%
Y
80%
Ya
80%
ya
80%
Yo
80%
yo
80%
acerca
60%
Algo
60%
algo
60%
algún
60%
aprendí
60%
Baby
60%
cansé
60%
chocar
60%
cómo
60%
con
60%
contigo
60%
cuando
60%
cumplir
60%
Del
60%
desgastó
60%
después
60%
deuda
60%
día
60%
dímelo
60%
duermo
60%
envenenó
60%
escribir
60%
ese
60%
eso
60%
exige
60%
expectativas
60%
fingir
60%
fuiste
60%
Hace
60%
hace
60%
hoja
60%
importó
60%
Incontables
60%
Juro
60%
karma
60%
lastimarme
60%
mal
60%
más
60%
mismo
60%
nombre
60%
otra
60%
paga
60%
papel
60%
paredón
60%
pasó
60%
Pero
60%
pero
60%
Pienso
60%
puedo
60%
queremos
60%
quiera
60%
Quisiera
60%
rara
60%
repitas
60%
rompió
60%
sentido
60%
ser
60%
Siempre
60%
siento
60%
Siento
60%
solté
60%
Sueño
60%
también
60%
tiempo
60%
tus
60%
veces
60%
veneno
60%
vez
60%
vos
60%
buscando
40%
cama
40%
cansada
40%
cara
40%
contesta
40%
cuenta
40%
da
40%
Dije
40%
esa
40%
grande
40%
hacemos
40%
hacer
40%
iba
40%
insomnio
40%
intentarlo
40%
jugada
40%
larga
40%
lastimarte
40%
llamo
40%
llover
40%
mientas
40%
molesta
40%
odio
40%
perdedor
40%
perdido
40%
provoco
40%
respuestas
40%
volví
40%
estás
20%
hiere
20%
noches
20%
pensarte
20%
pongo
20%
verme
20%
No se encontraron pruebas coincidentes
Distribución de puntuación
Porcentaje de gente con cada puntuación
Porcentaje por número respondido
Historial de tus puntuaciones
No has intentado esta prueba.